[Event "AUT-chT2W 0809"]
[Site "Austria"]
[Date "2008.10.19"]
[Round "3.3"]
[White "Teufl, Siegfried"]
[Black "Danner, Georg"]
[Result "0-1"]
[WhiteElo "2200"]
[BlackElo "2440"]
[PlyCount "44"]
[EventDate "2008.10.17"]
[EventType "team-tourn"]
[EventRounds "11"]
[EventCountry "AUT"]
[SourceTitle "EXT 2010"]
[Source "ChessBase"]
[SourceDate "2010.11.25"]
[SourceVersion "1"]
[SourceVersionDate "2010.11.25"]
[SourceQuality "1"]
[WhiteTeam "Salzburg"]
[BlackTeam "Schwarzach"]
[WhiteTeamCountry "AUT"]
[BlackTeamCountry "AUT"]

1. e4 c5 2. c3 Nf6 3. e5 Nd5 4. d4 cxd4 5. Qxd4 e6 6. Bc4 Nc6 7. Qe4 d6 8. exd6 Nf6 9. Qe2 Bxd6 10. Nf3 Qc7 11. Bg5 h6 12. Bxf6 gxf6 13. Nbd2 Bd7 14. a4 0-0-0 15. b4 Ne5 16. Nxe5 Bxe5 17. Rc1 Bf4 18. Nb3 Bc6 19. 0-0 Bxh2+ 20. Kh1 Rdg8 21. f3 Bg3 22. Qe3 Bd5 0-1

[Event "AUT-chT2W 0809"]
[Site "Austria"]
[Date "2008.10.18"]
[Round "2.3"]
[White "Webersberger, Johann"]
[Black "Teufl, Siegfried"]
[Result "1-0"]
[WhiteElo "2265"]
[BlackElo "2200"]
[PlyCount "61"]
[EventDate "2008.10.17"]
[EventType "team-tourn"]
[EventRounds "11"]
[EventCountry "AUT"]
[SourceTitle "EXT 2010"]
[Source "ChessBase"]
[SourceDate "2010.11.25"]
[SourceVersion "1"]
[SourceVersionDate "2010.11.25"]
[SourceQuality "1"]
[WhiteTeam "Ranshofen"]
[BlackTeam "Salzburg"]
[WhiteTeamCountry "AUT"]
[BlackTeamCountry "AUT"]

1. c4 c5 2. g3 g6 3. Bg2 Bg7 4. Nc3 Nc6 5. a3 a6 6. Rb1 Rb8 7. b4 cxb4 8. axb4 b5 9. cxb5 axb5 10. Nf3 Nf6 11. d4 Qb6 12. 0-0 d5 13. Bf4 Ra8 14. Qd3 Ba6 15. Ne5 e6 16. e4 Qxd4 17. exd5 Qxd3 18. Nxd3 Nd4 19. Be5 Nh5 20. Bxg7 Nxg7 21. dxe6 Rd8 22. Nc5 Bc8 23. exf7+ Kxf7 24. Ra1 Rhe8 25. Ra7+ Kf8 26. Nd5 Rd6 27. h3 Bxh3 28. Bxh3 Rxd5 29. Nd7+ Rxd7 30. Rxd7 Nc6 31. Rc1 1-0

[Event "AUT-chT2W 0708"]
[Site "Austria"]
[Date "2008.03.02"]
[Round "11.2"]
[White "Teufl, Siegfried"]
[Black "Deglmann, Ludwig"]
[Result "1/2-1/2"]
[WhiteElo "2207"]
[BlackElo "2327"]
[PlyCount "84"]
[EventDate "2007.10.06"]
[EventType "team"]
[EventRounds "11"]
[EventCountry "AUT"]
[SourceTitle "EXT 2009"]
[Source "ChessBase"]
[SourceDate "2008.11.26"]
[SourceVersion "1"]
[SourceVersionDate "2008.11.26"]
[SourceQuality "1"]
[WhiteTeam "Salzburg"]
[BlackTeam "Rochade Rum"]
[WhiteTeamCountry "AUT"]
[BlackTeamCountry "AUT"]

1. e4 g6 2. d4 Bg7 3. Nf3 d6 4. h3 Nf6 5. Bd3 0-0 6. 0-0 Nc6 7. Bd2 Nh5 8. Be3 e5 9. c3 d5 10. dxe5 dxe4 11. Bxe4 Nxe5 12. Nbd2 Nf6 13. Bd4 Nxe4 14. Nxe4 Nc6 15. Bxg7 Qxd1 16. Raxd1 Kxg7 17. Rd2 Re8 18. Nc5 b6 19. Nd3 Be6 20. b3 Bd5 21. Nh2 Rad8 22. f3 g5 23. Kf2 Be6 24. Rfd1 Rd6 25. g4 Red8 26. f4 gxf4 27. Nf3 f5 28. g5 Bf7 29. Nxf4 Rxd2+ 30. Rxd2 Rxd2+ 31. Nxd2 h6 32. h4 hxg5 33. hxg5 a5 34. a3 Ne5 35. b4 c5 36. bxc5 bxc5 37. Kg3 a4 38. Kf2 Bg8 39. Ke3 Ng4+ 40. Ke2 Ne5 41. Ke3 Ng4+ 42. Ke2 Ne5 1/2-1/2

[Event "AUT-chT2W 0708"]
[Site "Austria"]
[Date "2007.11.18"]
[Round "5.2"]
[White "Fuchs, Georg"]
[Black "Teufl, Siegfried"]
[Result "1-0"]
[WhiteElo "2221"]
[BlackElo "2207"]
[PlyCount "37"]
[EventDate "2007.10.06"]
[EventType "team"]
[EventRounds "11"]
[EventCountry "AUT"]
[SourceTitle "EXT 2009"]
[Source "ChessBase"]
[SourceDate "2008.11.26"]
[SourceVersion "1"]
[SourceVersionDate "2008.11.26"]
[SourceQuality "1"]
[WhiteTeam "Schwaz"]
[BlackTeam "Salzburg"]
[WhiteTeamCountry "AUT"]
[BlackTeamCountry "AUT"]

1. e4 e5 2. Nf3 Nc6 3. d4 exd4 4. Bc4 Nf6 5. 0-0 Nxe4 6. Re1 d5 7. Bxd5 Qxd5 8. Nc3 Qa5 9. Nxe4 Be6 10. Neg5 0-0-0 11. Nxe6 fxe6 12. Rxe6 Qf5 13. Qe2 Bd6 14. Bg5 Rdf8 15. Rd1 Kd7 16. Re4 Re8 17. Rxe8 Rxe8 18. Qc4 b5 19. Qxc6+ 1-0

[Event "AUT-chT2W 0506"]
[Site "Austria"]
[Date "2005.12.02"]
[Round "3"]
[White "Peterwagner, Heinz"]
[Black "Teufl, Siegfried"]
[Result "1/2-1/2"]
[WhiteElo "2216"]
[BlackElo "2184"]
[PlyCount "23"]
[EventDate "2005.10.08"]
[EventType "team"]
[EventRounds "11"]
[EventCountry "AUT"]
[SourceTitle "EXT 2007"]
[Source "ChessBase"]
[SourceDate "2006.11.23"]
[SourceVersion "1"]
[SourceVersionDate "2006.11.23"]
[SourceQuality "1"]
[WhiteTeam "Mozart"]
[BlackTeam "Salzburg"]
[WhiteTeamCountry "AUT"]
[BlackTeamCountry "AUT"]

1. e4 e5 2. d4 exd4 3. Qxd4 Nc6 4. Qe3 Nf6 5. Bd2 Bb4 6. e5 Bxd2+ 7. Nxd2 Nd5 8. Qe4 Nde7 9. 0-0-0 d5 10. Qe3 0-0 11. f4 Bg4 12. Ngf3 1/2-1/2

[Event "AUT-chT2W 0304"]
[Site "Austria"]
[Date "2003.10.19"]
[Round "2"]
[White "Klundt, Klaus"]
[Black "Teufl, Siegfried"]
[Result "1-0"]
[WhiteElo "2359"]
[BlackElo "2192"]
[PlyCount "63"]
[EventDate "2003.10.18"]
[EventType "team-tourn"]
[EventRounds "11"]
[EventCountry "AUT"]
[SourceTitle "CBM 097 Extra"]
[Source "ChessBase"]
[SourceDate "2004.01.13"]
[SourceVersion "1"]
[SourceVersionDate "2004.01.13"]
[SourceQuality "1"]
[WhiteTeam "Salzburg Wuestenrot"]
[BlackTeam "Salzburg ASK"]
[WhiteTeamCountry "AUT"]
[BlackTeamCountry "AUT"]

1. e4 e5 2. Nf3 Nc6 3. Bb5 a6 4. Ba4 Nf6 5. 0-0 Be7 6. Re1 b5 7. Bb3 d6 8. c3 0-0 9. d4 Bg4 10. d5 Na5 11. Bc2 c6 12. h3 Bc8 13. dxc6 Qc7 14. a4 Qxc6 15. Na3 Bd7 16. b4 Nc4 17. Nxc4 Qxc4 18. Ra3 Qc7 19. Bd2 Bc6 20. Qe2 Qb7 21. Bg5 a5 22. axb5 Bxb5 23. c4 Bc6 24. b5 Bd7 25. Rea1 Qc7 26. Bd2 Be6 27. Bd3 d5 28. Rxa5 dxc4 29. Rxa8 cxd3 30. Qxd3 Nd7 31. Qc3 f6 32. Rxf8+ 1-0

[Event "Donau op 10th"]
[Site "Aschach"]
[Date "2001.12.27"]
[Round "2"]
[White "Teufl, Siegfried"]
[Black "Fercec, Nenad"]
[Result "0-1"]
[WhiteElo "2204"]
[BlackElo "2458"]
[PlyCount "98"]
[EventDate "2001.12.26"]
[EventType "swiss"]
[EventRounds "7"]
[EventCountry "AUT"]
[SourceTitle "CBM 085 Extra"]
[Source "ChessBase"]
[SourceDate "2002.01.21"]
[SourceVersion "1"]
[SourceVersionDate "2002.01.21"]
[SourceQuality "1"]

1. Nf3 Nc6 2. e4 d6 3. d4 Nf6 4. Nc3 Bg4 5. Be2 e6 6. Be3 Be7 7. 0-0 0-0 8. Ne1 Bxe2 9. Qxe2 e5 10. d5 Nb8 11. f3 Nbd7 12. Na4 Nh5 13. Nd3 g6 14. c4 f5 15. Rac1 Bg5 16. c5 fxe4 17. fxe4 Nf4 18. Bxf4 exf4 19. Rc2 Qf6 20. cxd6 cxd6 21. Nc3 a6 22. Kh1 Rae8 23. Qf2 Ne5 24. Nxe5 Rxe5 25. Qb6 Rf7 26. Rcf2 Ree7 27. Rf3 Qe5 28. Qf2 h5 29. g3 fxg3 30. hxg3 Rxf3 31. Qxf3 Kh7 32. Rf2 Bh6 33. Kg2 Bg7 34. Qe3 b5 35. a3 Rb7 36. Qf4 b4 37. Qxe5 Bxe5 38. Nd1 bxa3 39. bxa3 Rb1 40. Rf1 Ra1 41. g4 hxg4 42. Ne3 Rxa3 43. Nc4 Ra2+ 44. Rf2 Rxf2+ 45. Kxf2 Kg7 46. Ke2 Kf6 47. Ne3 Kg5 48. Nc4 Kf4 49. Kd3 g3 0-1

[Event "AUT-chT2M 9900"]
[Site "Austria"]
[Date "2000.01.15"]
[Round "6.2"]
[White "Teufl, Siegfried"]
[Black "Karner, Christoph"]
[Result "0-1"]
[WhiteElo "2258"]
[BlackElo "2221"]
[PlyCount "120"]
[EventDate "1999.??.??"]
[EventType "team"]
[EventRounds "11"]
[EventCountry "AUT"]
[SourceTitle "EXT 2004"]
[Source "ChessBase"]
[SourceDate "2003.11.25"]
[SourceVersion "1"]
[SourceVersionDate "2003.11.25"]
[SourceQuality "1"]

1. e4 c5 2. c3 d5 3. exd5 Qxd5 4. d4 Nf6 5. Nf3 Bg4 6. Be2 e6 7. 0-0 cxd4 8. Nxd4 Bxe2 9. Qxe2 Nc6 10. Nb5 0-0-0 11. Be3 Bc5 12. Bxc5 Qxc5 13. a4 Qg5 14. N1a3 Nd5 15. Nc4 Nf4 16. Qf3 Rd3 17. Ncd6+ Kb8 18. Nxf7 Qh4 19. Qxd3 Nxd3 20. Nxh8 Nce5 21. Rad1 Nf4 22. Nd4 Ng4 23. Nf3 Ne2+ 24. Kh1 Nxf2+ 25. Rxf2 Qxf2 26. Nf7 Nf4 27. Rd2 Qf1+ 28. Ng1 Nd3 29. h3 e5 30. Nd6 Nf2+ 31. Kh2 e4 32. Re2 Nxh3 33. gxh3 Qf4+ 34. Kg2 Qxd6 35. Rxe4 Qg6+ 36. Rg4 Qc2+ 37. Kh1 g6 38. Rb4 a5 39. Rb5 Qxa4 40. Re5 Qa2 41. Re2 a4 42. Kg2 Qd5+ 43. Nf3 g5 44. Rd2 Qf5 45. Rd8+ Kc7 46. Rd4 h5 47. Kg3 b5 48. Rb4 h4+ 49. Kg2 Qc2+ 50. Kg1 g4 51. hxg4 h3 52. Nh4 h2+ 53. Kh1 Qf2 54. Nf3 Qxf3+ 55. Kxh2 Kc6 56. g5 Qh5+ 57. Kg3 Qxg5+ 58. Kf3 Qd2 59. Ke4 a3 60. bxa3 Qxc3 0-1

[Event "AUT-chT2M 9900"]
[Site "Austria"]
[Date "1999.10.24"]
[Round "3.2"]
[White "Teufl, Siegfried"]
[Black "Hackbarth, Wolfgang"]
[Result "0-1"]
[WhiteElo "2258"]
[BlackElo "2157"]
[PlyCount "183"]
[EventDate "1999.??.??"]
[EventType "team"]
[EventRounds "11"]
[EventCountry "AUT"]
[SourceTitle "EXT 2004"]
[Source "ChessBase"]
[SourceDate "2003.11.25"]
[SourceVersion "1"]
[SourceVersionDate "2003.11.25"]
[SourceQuality "1"]

1. e4 e5 2. Nf3 Nc6 3. Bc4 Nf6 4. Ng5 d5 5. exd5 b5 6. Bxb5 Qxd5 7. Bf1 h6 8. Nc3 Qd7 9. Nge4 Nxe4 10. Nxe4 Bb7 11. d3 f5 12. Qh5+ Qf7 13. Qxf7+ Kxf7 14. Ng3 Nd4 15. Kd1 g6 16. c3 Ne6 17. f3 Bg7 18. Kc2 c5 19. h4 h5 20. Bd2 a5 21. a4 Bd5 22. Ne2 Rhb8 23. c4 Bc6 24. Bc3 Nd4+ 25. Nxd4 cxd4 26. Bd2 e4 27. fxe4 fxe4 28. Bf4 Rb7 29. Rg1 Kg8 30. g4 Rf8 31. Bg3 hxg4 32. Be2 Bd7 33. b3 Bf5 34. Rad1 Re8 35. Rge1 Bf8 36. dxe4 Rxe4 37. Bd3 Re3 38. Rxe3 dxe3 39. h5 e2 40. Rb1 Bb4 41. hxg6 Bxd3+ 42. Kxd3 Re7 43. Be1 g3 44. Bxg3 e1Q 45. Bxe1 Bxe1 46. c5 Bb4 47. c6 Rc7 48. Rc1 Kg7 49. Ke4 Kxg6 50. Kd5 Kf6 51. Rh1 Rg7 52. Rc1 Rc7 53. Rc4 Ke7 54. Rh4 Rc8 55. Rh7+ Kd8 56. Ra7 Rc7 57. Ra8+ Rc8 58. Ra7 Rc7 59. Ra6 Re7 60. Ra8+ Kc7 61. Ra6 Re3 62. Ra7+ Kb8 63. Rb7+ Kc8 64. Rh7 Rc3 65. Rh8+ Kc7 66. Rh7+ Kb8 67. Rh8+ Ka7 68. Rh7+ Ka6 69. c7 Kb7 70. c8Q+ Kxc8 71. Rh8+ Kb7 72. Rh7+ Rc7 73. Rh1 Rc5+ 74. Kd4 Rc3 75. Rh7+ Kb6 76. Rh6+ Rc6 77. Rh5 Bc5+ 78. Kc3 Bf2+ 79. Kb2 Bd4+ 80. Kb1 Bc5 81. Kc2 Bb4+ 82. Kb2 Rd6 83. Rh3 Rd2+ 84. Kc1 Kc5 85. Rh5+ Kd4 86. Rh4+ Kc3 87. Rc4+ Kxb3 88. Rxb4+ axb4 89. Kxd2 Kxa4 90. Kc2 Ka3 91. Kb1 Kb3 92. Ka1 0-1

[Event "AUT-chT2M 9899"]
[Site "Austria"]
[Date "1999.02.09"]
[Round "9"]
[White "Beim, Valery"]
[Black "Teufl, Siegfried"]
[Result "1-0"]
[WhiteElo "2565"]
[BlackElo "2167"]
[PlyCount "68"]
[EventDate "1998.11.??"]
[EventType "team-swiss"]
[EventRounds "11"]
[EventCountry "AUT"]
[SourceTitle "EXT 2000"]
[Source "ChessBase"]
[SourceDate "1999.11.16"]
[SourceVersion "1"]
[SourceVersionDate "1999.11.16"]
[SourceQuality "1"]

1. c4 Nf6 2. Nc3 g6 3. d4 Bg7 4. Nf3 0-0 5. Bg5 d6 6. e3 c5 7. d5 Na6 8. Be2 Nc7 9. 0-0 a6 10. a4 b6 11. e4 Nd7 12. Qd2 Rb8 13. Ne1 Re8 14. Rb1 Nf8 15. b4 Bd7 16. b5 axb5 17. axb5 Ra8 18. Nc2 Qb8 19. Bf4 Qb7 20. Bg3 Red8 21. f4 e6 22. f5 exf5 23. Bxd6 Re8 24. Rb3 Rac8 25. Bd3 fxe4 26. Nxe4 f5 27. Bxf8 fxe4 28. Bxg7 exd3 29. Bb2 Nxd5 30. Rxd3 Rf8 31. Rxf8+ Rxf8 32. Rxd5 Be6 33. Rd8 Bxc4 34. Rxf8+ Kxf8 1-0

[Event "Jacques Lemans op 18th"]
[Site "St Veit"]
[Date "1999.??.??"]
[Round "5.9"]
[White "Teufl, Siegfried"]
[Black "Kiss, Attila"]
[Result "1-0"]
[WhiteElo "2182"]
[BlackElo "2321"]
[PlyCount "87"]
[EventDate "1999.07.??"]
[EventType "swiss"]
[EventRounds "9"]
[EventCountry "AUT"]
[SourceTitle "EXT 2004"]
[Source "ChessBase"]
[SourceDate "2003.11.25"]
[SourceVersion "1"]
[SourceVersionDate "2003.11.25"]
[SourceQuality "1"]

1. Nf3 c5 2. c4 b6 3. g3 Bb7 4. Bg2 g6 5. Nc3 Bg7 6. d3 Nf6 7. Rb1 0-0 8. 0-0 d5 9. Ne1 Qd7 10. Bg5 d4 11. Bxb7 Qxb7 12. Bxf6 Bxf6 13. Na4 Nd7 14. b4 cxb4 15. Rxb4 e5 16. Rb5 Rfe8 17. Nc2 Be7 18. e4 a6 19. Rb1 b5 20. f4 Rac8 21. Ne1 Qc6 22. Nb2 exf4 23. gxf4 Ba3 24. cxb5 axb5 25. Qb3 Ra8 26. Nd1 Ra5 27. Nf3 Nc5 28. Qc2 Qb6 29. Nf2 Qd6 30. Qd2 Rea8 31. Ng4 Nd7 32. f5 Bc5 33. Rb2 Qa6 34. fxg6 hxg6 35. Nh6+ Kg7 36. Ng5 f6 37. Qf4 Rh8 38. Qg4 Nf8 39. e5 Be7 40. Rbf2 Rxh6 41. exf6+ Bxf6 42. Rxf6 Qxf6 43. Rxf6 Kxf6 44. Qf4+ 1-0

[Event "AUT-chT2M 9899"]
[Site "Austria"]
[Date "1998.11.27"]
[Round "1"]
[White "Gruenberg, Hans Ulrich"]
[Black "Teufl, Siegfried"]
[Result "1-0"]
[WhiteElo "2445"]
[BlackElo "2167"]
[PlyCount "115"]
[EventDate "1998.11.??"]
[EventType "team-swiss"]
[EventRounds "11"]
[EventCountry "AUT"]
[SourceTitle "EXT 2000"]
[Source "ChessBase"]
[SourceDate "1999.11.16"]
[SourceVersion "1"]
[SourceVersionDate "1999.11.16"]
[SourceQuality "1"]

1. d4 Nf6 2. c4 g6 3. Nc3 Bg7 4. e4 d6 5. Be2 0-0 6. Nf3 e5 7. Be3 Ng4 8. Bg5 f6 9. Bh4 Nc6 10. 0-0 Nh6 11. dxe5 dxe5 12. c5 Be6 13. Qa4 Qe7 14. Bc4 Kh8 15. Bxe6 Qxe6 16. Rad1 a6 17. Nd5 Rf7 18. Rd3 Ng8 19. Rfd1 h6 20. Qb3 Rb8 21. h3 f5 22. exf5 gxf5 23. Re3 e4 24. Ree1 Nge7 25. Bxe7 Nxe7 26. Nh4 Nxd5 27. Rxd5 Rbf8 28. Qxb7 Qf6 29. g3 c6 30. Rd7 f4 31. Rxf7 Rxf7 32. Qb8+ Kh7 33. Rxe4 fxg3 34. Qxg3 Bf8 35. Rg4 Rd7 36. Qb3 Rd5 37. Qc2+ Kh8 38. Ng6+ Kg7 39. Ne5+ Kh8 40. Ng6+ Kg7 41. Nxf8+ Kxf8 42. Qe4 Rf5 43. Qc4 Rg5 44. Qxa6 h5 45. Qc8+ Kf7 46. Qc7+ Ke8 47. Qb8+ Kf7 48. Rxg5 Qxg5+ 49. Kh2 Qxc5 50. Qf4+ Kg6 51. h4 Kh7 52. a4 Qc2 53. Qf7+ Kh6 54. Qf6+ Kh7 55. Qf7+ Kh6 56. Qf6+ Kh7 57. a5 Qc4 58. Qf5+ 1-0